[Event "AUTO-OPEN-1425"]
[Site "http://www.queenalice.com/game.php?id=533225"]
[Date "2009.2.1"]
[Round "1"]
[White "bedocosta"]
[Black "ejedrez"]
[Result "1-0"]
[WhiteElo "1967"]
[BlackElo "1204"]

1. e4 g6 2. d4 Bg7 3. Nc3 Nc6 4. d5 Nd4 5. Be3 c5 6. Nf3 Qb6 7. Rb1 Nh6 8. h3
Nxf3+ 9. gxf3 f5 10. d6 Qxd6 11. Qxd6 exd6 12. Nb5 O-O 13. Nxd6 1-0

[Event "AUTO-OPEN-1425"]
[Site "http://www.queenalice.com/game.php?id=533238"]
[Date "2009.2.1"]
[Round "1"]
[White "SGF"]
[Black "bedocosta"]
[Result "0-1"]
[WhiteElo "1556"]
[BlackElo "1746"]

1. e4 e6 2. a3 c5 3. d4 cxd4 4. Qxd4 Nc6 5. Qc3 Nf6 6. f3 d5 7. exd5 Nxd5 8. Qd3
Qa5+ 9. c3 Be7 10. Ne2 O-O 11. g4 Ne5 12. Qe4 Bd6 13. Bf4 Nxf4 14. Qxf4 Nd3+ 15.
Kd2 Nxf4 16. Nxf4 Bxf4+ 17. Kd1 Qa4+ 18. Ke2 Qb5+ 19. Kf2 Qxb2+ 20. Kg1 Be3# 0-1

[Event "AUTO-OPEN-1425"]
[Site "http://www.queenalice.com/game.php?id=533239"]
[Date "2009.2.1"]
[Round "1"]
[White "bedocosta"]
[Black "SGF"]
[Result "1-0"]
[WhiteElo "1824"]
[BlackElo "1572"]

1. e4 e5 2. Nf3 Qf6 3. Nc3 c6 4. d4 d6 5. dxe5 Qg6 6. exd6 Bxd6 7. e5 Bc5 8. Be3
Bxe3 9. fxe3 Bg4 10. Bd3 Qh5 11. O-O Nd7 12. Be4 Nxe5 13. Qd6 Nxf3+ 14. Bxf3 Rd8
15. Bxg4 Qxg4 16. Qe5+ Ne7 17. Ne4 f6 18. Rxf6 Rd1+ 19. Rxd1 Qxd1+ 20. Rf1 Qg4
21. Qb8+ Nc8 22. Nd6+ Kd7 23. Rf7+ Kd8 24. Qc7# 1-0

[Event "JUST I AM"]
[Site "http://www.queenalice.com/game.php?id=535860"]
[Date "2009.2.6"]
[Round "-"]
[White "perucona"]
[Black "bedocosta"]
[Result "1/2-1/2"]
[WhiteElo "1522"]
[BlackElo "1961"]

1. e4 e6 2. d4 d5 3. e5 c5 4. dxc5 Nc6 5. Nf3 Bxc5 6. Be3 Bxe3 7. fxe3 Qb6 8.
Nc3 Qxe3+ 9. Qe2 Qxe2+ 10. Bxe2 Nge7 11. O-O-O Ng6 12. Ng5 Ncxe5 13. Rhf1 Bd7
14. Nb1 f6 15. Nf3 Nxf3 16. Bxf3 Bc6 17. Rfe1 Kf7 18. Bg4 Ne5 19. Bf3 Nxf3 20.
gxf3 Rhd8 21. Rd2 e5 22. Rde2 Rac8 23. f4 e4 1/2-1/2

[Event "COSTA"]
[Site "http://www.queenalice.com/game.php?id=541799"]
[Date "2009.2.17"]
[Round "-"]
[White "perucona"]
[Black "bedocosta"]
[Result "0-1"]
[WhiteElo "1549"]
[BlackElo "1958"]

1. e4 e6 2. d4 d5 3. e5 c5 4. dxc5 Nc6 5. Nf3 Bxc5 6. Be3 Bxe3 7. fxe3 Qb6 8.
Nc3 Nh6 9. Bb5 Nf5 10. Bxc6+ bxc6 11. Qd2 Ba6 12. Na4 Qb5 13. Nc3 Qxb2 14. Rd1
Qb6 15. Rf1 O-O 16. g4 Nxe3 17. Rc1 Nxf1 18. Qd1 Qe3+ 19. Qe2 Bxe2 20. Nxe2 Qxf3
21. Rd1 Ne3 22. Rd3 Qf1+ 23. Kd2 Nc4+ 24. Kc3 Qxe2 25. h4 Qxe5+ 26. Kb4 Rfb8+
27. Ka4 Qb2 28. Rb3 Qxa2+ 29. Ra3 Qxa3# 0-1

[Event "AUTO-ADV-1231"]
[Site "http://www.queenalice.com/game.php?id=545554"]
[Date "2009.2.24"]
[Round "1"]
[White "fire4"]
[Black "bedocosta"]
[Result "0-1"]
[WhiteElo "1881"]
[BlackElo "1905"]

1. c4 e5 2. e3 Nf6 3. b3 Bc5 4. Bb2 Nc6 5. g3 O-O 6. Bg2 d5 7. cxd5 Nxd5 8. Nc3
Ndb4 9. Be4 Nd3+ 10. Bxd3 Qxd3 11. Nf3 Nb4 12. Rc1 Qf5 13. O-O Nd3 14. Rb1 Rd8
15. Nh4 Qh3 16. Ne4 Be7 17. Qh5 Bg4 0-1

[Event "AUTO-ADV-1231"]
[Site "http://www.queenalice.com/game.php?id=545555"]
[Date "2009.2.24"]
[Round "1"]
[White "bedocosta"]
[Black "Lopesq"]
[Result "1-0"]
[WhiteElo "1943"]
[BlackElo "1821"]

1. e4 c5 2. Nf3 Nc6 3. Bb5 a6 4. Bxc6 bxc6 5. O-O d6 6. b3 e5 7. Bb2 Nf6 8. d3
Bg4 9. h3 Bh5 10. Nbd2 Be7 11. g4 Nxg4 12. hxg4 Bxg4 13. Nc4 Bh4 14. Ne3 Bxf3
15. Qxf3 Qg5+ 16. Qg4 Qf6 17. f4 Qg6 18. fxe5 Bg5 19. Nf5 f6 20. Nxd6+ Kd8 21.
Nf7+ Qxf7 22. Qxg5 Qg6 23. Qxg6 hxg6 24. exf6 gxf6 25. Bxf6+ 1-0

[Event "AUTO-ADV-1231"]
[Site "http://www.queenalice.com/game.php?id=545556"]
[Date "2009.2.24"]
[Round "1"]
[White "Lopesq"]
[Black "bedocosta"]
[Result "0-1"]
[WhiteElo "1865"]
[BlackElo "1945"]

1. Nf3 d5 2. d4 Bg4 3. e3 Nf6 4. Nbd2 Nc6 5. Be2 e6 6. h3 Bf5 7. c3 Bd6 8. Qa4
O-O 9. Qd1 Re8 10. O-O e5 11. dxe5 Nxe5 12. Nxe5 Bxe5 13. Nf3 Bd6 14. Nd4 Bd7
15. c4 c5 16. Nb5 Bxb5 17. cxb5 Qe7 18. a4 Qe5 19. f4 Qe6 20. Bf3 Ne4 21. Qe1 c4
22. Bxe4 Qxe4 23. Qe2 Bxf4 24. Rf3 Bh6 25. Qf2 f6 26. Bd2 Qd3 27. Rd1 Qc2 28.
Qe1 Qxa4 29. Ra1 Qxb5 30. Bc3 Re4 31. Ra5 Qc6 32. Bd4 b6 33. Ra3 Rae8 34. Rxa7
Rxd4 35. Rg3 Rde4 36. Ra3 Qc5 37. Kh1 Bxe3 38. Raxe3 Rxe3 39. Qd2 Rxg3 40. Qf4
Rg6 41. Qf3 h6 42. Qf4 Re1+ 43. Kh2 Qg1# 0-1

[Event "AUTO-ADV-1231"]
[Site "http://www.queenalice.com/game.php?id=545557"]
[Date "2009.2.24"]
[Round "1"]
[White "bedocosta"]
[Black "XaraX"]
[Result "1-0"]
[WhiteElo "1956"]
[BlackElo "1795"]

1. e4 e5 2. Nf3 Nc6 3. Bb5 Nge7 4. O-O g6 5. c3 Bg7 6. d4 a6 7. Be2 O-O 8. d5
Na7 9. c4 d6 10. Nc3 c6 11. Be3 c5 12. Qd2 Bg4 13. h3 Bxf3 14. Bxf3 b5 15. cxb5
axb5 16. a3 Qb8 17. b4 cxb4 18. axb4 Nec8 19. Qd3 f5 20. exf5 Rxf5 21. Bg4 Rf8
22. Be6+ Kh8 23. Ra6 Qb7 24. Rfa1 e4 25. Nxe4 Bxa1 26. Rxa1 Ne7 27. Bd4+ 1-0

[Event "AUTO-ADV-1231"]
[Site "http://www.queenalice.com/game.php?id=545558"]
[Date "2009.2.24"]
[Round "1"]
[White "XaraX"]
[Black "bedocosta"]
[Result "0-1"]
[WhiteElo "1741"]
[BlackElo "1863"]

1. d4 d5 2. c4 dxc4 3. Nc3 e5 4. d5 Nf6 5. e4 Bc5 6. Bg5 Qd6 7. Bxf6 Qxf6 8. Qf3
Qa6 9. Qg3 O-O 10. Qxe5 Qb6 11. Na4 Qb4+ 12. Nc3 Qxb2 13. Rb1 Qxf2+ 14. Kd1
Qxf1+ 15. Kc2 Qxg2+ 0-1

[Event "AUTO-OPEN-1425"]
[Site "http://www.queenalice.com/game.php?id=583373"]
[Date "2009.5.5"]
[Round "2"]
[White "levi"]
[Black "bedocosta"]
[Result "1-0"]
[WhiteElo "2352"]
[BlackElo "2026"]

1. e4 e6 2. d4 d5 3. Nc3 dxe4 4. Nxe4 Nf6 5. Bg5 Be7 6. Bxf6 Bxf6 7. Nf3 O-O 8.
Qd2 Nd7 9. O-O-O c6 10. Bd3 Qc7 11. Nxf6+ Nxf6 12. Qg5 h6 13. Qe5 Qb8 14. Kb1
Bd7 15. Rhe1 Rd8 16. Qe3 Nd5 17. Qe4 Nf6 18. Qe3 Qc7 19. Ne5 Be8 20. f4 b6 21.
g4 c5 22. dxc5 bxc5 23. g5 Nd5 24. Qe4 f5 25. gxf6 Nxf6 26. Qc4 Qb6 27. f5 Nd5
28. fxe6 Rab8 29. b3 Bb5 30. Bh7+ Kxh7 31. Qe4+ Kg8 32. Rxd5 Qxe6 33. Rxc5 Re8
34. Rc7 a5 35. c4 Ba6 36. Rxg7+ Kxg7 37. Rg1+ Kf8 38. Qf4+ Ke7 39. Rg7+ Kd8 40.
Qd4+ 1-0

[Event "AUTO-OPEN-1425"]
[Site "http://www.queenalice.com/game.php?id=583374"]
[Date "2009.5.5"]
[Round "2"]
[White "bedocosta"]
[Black "levi"]
[Result "0-1"]
[WhiteElo "2023"]
[BlackElo "2370"]

1. e4 e5 2. Nf3 Nc6 3. Bb5 Bc5 4. Bxc6 dxc6 5. O-O Nf6 6. d3 Qd6 7. Nc3 Bg4 8.
Be3 O-O-O 9. h3 Bxe3 10. fxe3 Be6 11. d4 exd4 12. exd4 Qg3 13. Qe1 Qf4 14. Rd1
Bc4 15. Rf2 Be6 16. e5 Nd5 17. Ne4 Bf5 18. Nfg5 Qe3 19. Qxe3 Nxe3 20. Re1 Bxe4
21. Nxe4 Nc4 22. b3 Na3 23. c3 Rdf8 24. Ref1 f6 25. g4 Re8 26. exf6 gxf6 27.
Nxf6 Re3 28. Rf3 Re2 29. R1f2 Re1+ 30. Kg2 b6 31. g5 Kb7 32. h4 Re7 33. Ng4 Rhe8
34. Ne5 c5 35. Ng4 cxd4 36. cxd4 c6 37. Rf7 Nb5 38. Rxe7+ Rxe7 39. Rf4 Nc3 40.
h5 Ne2 41. Rf6 Rg7 42. g6 hxg6 43. h6 Rh7 44. Kf2 Nxd4 45. Rxg6 Nf5 46. Rf6 Ne7
47. Kg3 c5 48. Kh4 b5 49. Kh5 c4 50. bxc4 bxc4 51. Rf4 c3 52. Rc4 Nd5 53. Kg6
Rc7 54. h7 Rxc4 55. h8=Q c2 56. Qb2+ Nb4 57. Qc1 Nxa2 58. Qb2+ Nb4 59. Qc1 Nd3
60. Qh1+ Rc6+ 0-1

[Event "AUTO-OPEN-1425"]
[Site "http://www.queenalice.com/game.php?id=583379"]
[Date "2009.5.5"]
[Round "2"]
[White "bedocosta"]
[Black "serse"]
[Result "1-0"]
[WhiteElo "1960"]
[BlackElo "2020"]

1. e4 c5 2. Nf3 Nc6 3. d4 cxd4 4. Bc4 Nf6 5. e5 Nxe5 6. Qxd4 Nxf3+ 7. gxf3 d5 8.
Bd3 g6 9. Nc3 Bg7 10. Bg5 O-O 11. O-O-O 1-0

[Event "AUTO-OPEN-1425"]
[Site "http://www.queenalice.com/game.php?id=583380"]
[Date "2009.5.5"]
[Round "2"]
[White "serse"]
[Black "bedocosta"]
[Result "0-1"]
[WhiteElo "2002"]
[BlackElo "1978"]

1. e4 e6 2. d4 d5 3. Nc3 dxe4 4. Nxe4 Nf6 5. Nxf6+ gxf6 6. Be3 f5 7. Nf3 Bg7 8.
Qd2 O-O 9. O-O-O c6 10. h4 Nd7 0-1

[Event "AUTO-ADV-1231"]
[Site "http://www.queenalice.com/game.php?id=589291"]
[Date "2009.5.16"]
[Round "2"]
[White "bedocosta"]
[Black "jotat"]
[Result "1/2-1/2"]
[WhiteElo "1995"]
[BlackElo "2250"]

1. e4 e6 2. d4 d5 3. Nc3 Bb4 4. e5 c5 5. a3 Bxc3+ 6. bxc3 Ne7 7. Nf3 Qc7 8. Bd3
c4 9. Be2 O-O 10. a4 Qa5 11. O-O Qxc3 12. Bd2 Qb2 13. Rb1 Qa2 1/2-1/2

[Event "AUTO-ADV-1231"]
[Site "http://www.queenalice.com/game.php?id=589292"]
[Date "2009.5.16"]
[Round "2"]
[White "jotat"]
[Black "bedocosta"]
[Result "1-0"]
[WhiteElo "2292"]
[BlackElo "2032"]

1. e4 e6 2. d4 d5 3. Nc3 Bb4 4. e5 Ne7 5. Nf3 c5 6. Bb5+ Bd7 7. O-O Bxc3 8.
Bxd7+ Nxd7 9. bxc3 O-O 10. Rb1 b6 11. Ng5 Ng6 12. Qh5 h6 13. Nxe6 fxe6 14. Qxg6
Qe8 15. Qg4 Kh7 16. Rb2 Rc8 17. Be3 a6 18. Ra1 cxd4 19. cxd4 Rc4 20. Qd1 Qg6 21.
c3 Rf7 22. Rc1 b5 23. Rb3 Nb6 24. Ra3 Na4 25. Qe2 Rfc7 26. Bd2 Qf5 27. Rb3 R4c6
28. g4 Qg6 29. h4 Nb6 30. h5 Qf7 31. Ra1 Kg8 32. Kg2 Rc8 33. Rf1 Na4 34. Qd3 Rf8
35. f4 Rc4 36. a3 Nb6 37. f5 exf5 38. Rxf5 Qe7 39. Rxf8+ Qxf8 40. Qg6 Na4 41.
Qe6+ Kh8 42. Qxd5 Nxc3 43. Rxc3 Rxc3 44. Bxc3 Qxa3 45. e6 Qxc3 46. Qa8+ Kh7 47.
Qe4+ Kg8 48. e7 Qd2+ 49. Kg3 1-0

[Event "AUTO-ADV-1231"]
[Site "http://www.queenalice.com/game.php?id=589293"]
[Date "2009.5.16"]
[Round "2"]
[White "bedocosta"]
[Black "REIDID93"]
[Result "1-0"]
[WhiteElo "2019"]
[BlackElo "1933"]

1. e4 d5 2. exd5 Qxd5 3. Nc3 Qd6 4. Nf3 Nf6 5. Bc4 Bg4 6. O-O e6 7. Re1 c6 8. h3
Bh5 9. Ne4 Nxe4 10. Rxe4 Nd7 11. d4 O-O-O 12. Bf4 Qb4 13. Bb3 h6 14. c3 Qe7 15.
Bh2 g5 16. Bc4 Bg6 17. Re1 Bg7 18. Qa4 Nb6 19. Qxa7 Nxc4 20. Qb8+ Kd7 21. Qxb7+
Ke8 22. Qxc6+ Kf8 23. Qxc4 Bf5 24. Rad1 g4 25. hxg4 Bxg4 26. Re3 Rg8 27. d5 Bxf3
28. d6 Qb7 29. Rxf3 Bxc3 30. Qxc3 Qe4 31. Qf6 Rd7 32. Bg3 h5 33. Rd4 Qb1+ 34.
Kh2 Qxb2 35. Qxe6 Qxd4 36. Qxd7 Qd5 37. Qe7+ Kg7 38. Be5+ 1-0

[Event "AUTO-ADV-1231"]
[Site "http://www.queenalice.com/game.php?id=589294"]
[Date "2009.5.16"]
[Round "2"]
[White "REIDID93"]
[Black "bedocosta"]
[Result "0-1"]
[WhiteElo "1946"]
[BlackElo "2005"]

1. d4 e6 2. c4 d5 3. Nc3 Nf6 4. Bg5 Be7 5. Nf3 c6 6. e3 O-O 7. Bd3 Nbd7 8. O-O
h6 9. Bh4 dxc4 10. Bxc4 Nb6 11. Bb3 Nbd5 12. Rc1 Nxc3 13. bxc3 Ba3 14. Rc2 b5
15. Ne5 a5 16. Re2 Bb7 17. Bxf6 gxf6 18. Nd3 f5 19. Ne5 c5 20. dxc5 Bxc5 21. Rd2
Qg5 22. Nf3 Qf6 23. Nd4 Qg6 24. f3 e5 25. Nc2 f4 26. Re1 Qg5 27. Bd5 fxe3 28.
Nxe3 Bxe3+ 29. Rxe3 Qxe3+ 30. Kf1 Bxd5 31. Rxd5 Qxc3 32. Rd6 Qc4+ 33. Kg1 Rac8
34. Rxh6 Qf4 0-1

[Event "AUTO-OPEN-1421"]
[Site "http://www.queenalice.com/game.php?id=674589"]
[Date "2009.10.29"]
[Round "2"]
[White "Marivaldo"]
[Black "bedocosta"]
[Result "0-1"]
[WhiteElo "1849"]
[BlackElo "2031"]

1. d4 e6 2. Bf4 d5 3. a3 Nf6 4. Nc3 Bd6 5. Bg5 O-O 6. e3 Nbd7 7. Be2 h6 8. Bh4
c5 9. Nb5 Bb8 10. Nc3 cxd4 11. exd4 Qb6 12. b4 Qc7 13. Qd2 Ne4 14. Nxe4 dxe4 15.
c4 a5 16. b5 e5 17. d5 Nc5 18. Qe3 Ba7 19. Qc3 f5 20. f3 Bd7 21. Be7 Rf7 22. d6
Qb6 23. Nh3 exf3 24. gxf3 e4 25. O-O-O a4 26. Nf4 Nb3+ 27. Kb1 Nd4 28. Rhg1 Rc8
29. Nd5 Nxe2 30. Qe5 Qxg1 31. Rxg1 Bxg1 32. fxe4 fxe4 33. Nc7 Bd4 34. Qd5 Nc3+
35. Kc2 Nxd5 36. cxd5 Rxe7 37. dxe7 Rxc7+ 38. Kd2 Bc5 0-1

[Event "AUTO-OPEN-1421"]
[Site "http://www.queenalice.com/game.php?id=674590"]
[Date "2009.10.29"]
[Round "2"]
[White "bedocosta"]
[Black "Marivaldo"]
[Result "1-0"]
[WhiteElo "2021"]
[BlackElo "1866"]

1. e4 d5 2. exd5 Qxd5 3. Nc3 Qd8 4. d4 Bf5 5. Nge2 e6 6. Ng3 Bg6 7. Bd3 Qxd4 8.
O-O Bxd3 9. cxd3 Bb4 10. Be3 Qd7 11. Qb3 Bxc3 12. Qxb7 Qc6 13. Qc8+ Ke7 14. Rac1
Nd7 15. Rxc3 Qxc3 16. Qxa8 Qxb2 17. Ne4 Qxa2 18. Qc8 Qb2 19. Qxc7 Qb8 20. Bc5+
Ke8 21. Nd6+ Kf8 22. Qxd7 Ne7 23. Nc8 g6 24. Nxe7 Qa8 25. Nxg6+ Kg7 26. Nxh8
Kxh8 27. Qxf7 Qd8 28. Be7 Qg8 29. Bf6+ Qg7 30. Bxg7# 1-0

[Event "AUTO-OPEN-1421"]
[Site "http://www.queenalice.com/game.php?id=674593"]
[Date "2009.10.29"]
[Round "2"]
[White "IgorLutz"]
[Black "bedocosta"]
[Result "0-1"]
[WhiteElo "2137"]
[BlackElo "2059"]

1. d4 Nf6 2. c4 g6 3. Nc3 Bg7 4. Nf3 O-O 5. e4 d6 6. Be2 e5 7. Be3 Nc6 8. d5 Ne7
9. Nd2 Nd7 10. b4 f5 11. f3 fxe4 12. Ndxe4 Nf5 13. Bg5 Nf6 14. Qd2 Nd4 15. Bd3
Nxe4 16. Nxe4 Qe8 17. c5 Rxf3 18. O-O-O Rxd3 19. Qxd3 Bf5 20. Rd2 Qa4 21. Rb2 a5
22. cxd6 cxd6 23. Rf1 axb4 24. Rxf5 gxf5 25. Nxd6 e4 26. Qc4 b5 27. Qxb4 Ne2+
0-1

[Event "AUTO-OPEN-1421"]
[Site "http://www.queenalice.com/game.php?id=674594"]
[Date "2009.10.29"]
[Round "2"]
[White "bedocosta"]
[Black "IgorLutz"]
[Result "1-0"]
[WhiteElo "2040"]
[BlackElo "2104"]

1. e4 c5 2. Nf3 e6 3. d4 cxd4 4. Nxd4 Nf6 5. Nc3 Nc6 6. Be3 d6 7. Be2 Be7 8. O-O
O-O 9. f4 e5 10. Nf5 Bxf5 11. exf5 Re8 12. Bc4 exf4 13. Bxf4 Qb6+ 14. Kh1 Qxb2
15. Nb5 1-0